| 000 | 00701nam a2200205 a 4500 | ||
|---|---|---|---|
| 005 | 20240925065303.0 | ||
| 008 | 991125s1996 es 000 0 spa u | ||
| 020 | _a8425418895 | ||
| 035 | _aUPN01000028103 | ||
| 049 | _aCG | ||
| 050 | 4 |
_aBL74 _bE4.38 |
|
| 100 | 1 |
_aEliade, Mircea, _d1907-1986 _933710 |
|
| 245 | 1 | 0 |
_aHistoria de las creencias y de las ideas religiosas : _bdesde la época de los descubrimientos hasta nuestros días / _cMircea Eliade ; tr. J. M. López de Castro. |
| 260 |
_aBarcelona, Esp. : _bHerder, _c1996. |
||
| 300 | _a613 p. | ||
| 650 | 4 |
_aTeoría del conocimiento (Religión) _912090 |
|
| 650 | 4 |
_aReligión _98129 |
|
| 650 | 4 |
_aRELIGION - _xHISTORIA _913284 |
|
| 905 | _aLibro | ||
| 999 |
_c28103 _d28103 |
||